000
00258nam a22001097a 4500
999
_c
12556
_d
12556
020
_a
9798174733640
082
_a
150
100
_a
Kumar, Mohan
245
_a
Encyclopedic Dictionary of Psychology
260
_a
India
_b
A.I.T.B.S. Publishers
_c
2007
942
_c
BK